000 00808nam a2200301Ia 4500
003 OSt
005 20220912151518.0
006 a|||||r|||| 00| 0
007 ta
008 220909b |||||||| |||| 00| 0 eng d
020 _a0849302153 (hbd)
024 _a8337
037 _bShanker's,
037 _cTextual
040 _aCSL
_beng
_cCSL
041 _aeng
082 _aC9B36, P1
100 _aSundaresan M K
245 0 _aHandbook of particle physics
260 _aBoca
_bRaton CRC Press
_c2001
300 _a446p.
_ccm.
490 _aCRC series in pure and applied physics
500 _aBibliographical references 427-446p
650 _a Particle Physics
650 _aPhysics
942 _hC9B36, P1
_cTEXL
_2CC
999 _c70318
_d70318